| 000 | 03652 a2200385 4500 | ||
|---|---|---|---|
| 005 | 20080825112722.0 | ||
| 008 | 080825t xxu||||| |||| 00| 0 hin d | ||
| 010 | _aB-300484-490 HIN-84048 | ||
| 020 |
_a8186098887 _c100.00 |
||
| 035 | _aHN-56394 | ||
| 035 | _aB-300484-490 | ||
| 037 | _aDBAD / PUB | ||
| 037 | _aपापुलर बुक डिपो | ||
| 040 |
_aDPL _bHN |
||
| 082 | _a615.538 | ||
| 100 | _aविजयवर्गीय, अनुराग | ||
| 245 |
_aस्वास्थ्य-रक्षक बहेड़ा / _cअनुराग विजयवर्गीय |
||
| 260 |
_aजयपुर _bपापुलर बुक डिपो (वितरक) _c2007 |
||
| 260 |
_aजयपुर _bनारायण प्रकाशन _c2007 |
||
| 270 |
_aजी-15, एस.एस.टॉवर , धामाणी गली, चौड़ा रास्ता _bजयपुर _e302003 |
||
| 270 |
_aजी-15, एस.एस.टॉवर , धामाणी गली, चौड़ा रास्ता _bजयपुर _e302003 |
||
| 300 |
_a41पृ _c22 सेमी (सजिल्द) |
||
| 650 | _aआयुर्वेद चिकित्सा उपचार | ||
| 650 | _aAyurveda medicine therapy | ||
| 942 |
_adpl _cHN _2ddc _h615.53 विजय _k615.53 _mविजय |
||
| 999 |
_c12995 _d12995 |
||